| 000 | 00654nam a22002057a 4500 | ||
|---|---|---|---|
| 005 | 20200104041631.0 | ||
| 008 | 141216b ck |||||r|||| 00| 0 spa d | ||
| 040 | _cCO-BoIH | ||
| 041 | _aspa | ||
| 044 | _ack | ||
| 090 |
_aEA _b00200 |
||
| 245 | 0 |
_aProteger las cuencas hidrográficas : _bNuestra responsabilidad |
|
| 260 |
_aTunja : _bCORPOBOYACA, _c[Sin fecha de publicación]. |
||
| 300 |
_a23 pag _bFot (col) _c23 cm. |
||
| 650 | 6 |
_aCuencas hidrográficas _992255 |
|
| 650 | 6 |
_aManejo de cuencas hidrográficas _992543 |
|
| 650 | 6 |
_aCuencas hidrográficas _x Aspectos ambientales _930551 |
|
| 650 | 6 |
_aEducación ambiental. _9162 |
|
| 942 |
_2z _cLIBRO |
||
| 999 |
_c8885 _d8885 |
||